Normal view MARC view
  • JIAO, JIMMY

Entry Personal Name

Number of records used in: 1

001 - CONTROL NUMBER

  • control field: 91192

003 - CONTROL NUMBER IDENTIFIER

  • control field: NUST

005 - DATE AND TIME OF LATEST TRANSACTION

  • control field: 20220425114118.0

008 - FIXED-LENGTH DATA ELEMENTS

  • fixed length control field: 220425|| aca||aabn | a|a d

040 ## - CATALOGING SOURCE

  • Original cataloging agency: NUST
  • Transcribing agency: NUST

100 ## - HEADING--PERSONAL NAME

  • Personal name: JIAO, JIMMY

670 ## - SOURCE DATA FOUND

  • Source citation: Work cat.: (NUST): JIAO, JIMMY., COASTAL HYDROGEOLOGY /, 2019.
© 2023 Central Library, National University of Sciences and Technology. All Rights Reserved.